000 00507nam a2200181Ia 4500
001 18234
005 20260306171615.0
008 260306s9999||||xx |||||||||||||| ||und||
041 _aESP
082 _a658.402
_bA43 2017
100 _aAlles, Martha Alicia
_eAUT
245 0 _aComportamiento organizacional:
_bcómo lograr un cambio cultural a través de gestión por competencias
260 _c2017
300 _a547 páginas :
_c23 cm.
650 _aGEN
654 _aCAN
942 _cLIB
_dJUS
_fJUS
_2ddc
_n
999 _c18234
_d18234